00792nam a2200205Ia 4500001002100000003000900021008004100030040002300071041001300094100001900107245012000126250001500246260002600261300002500287490003500312501012400347520008100471700001600552700001800568239-PAS bl pr (4505)IT-MiSPE171229s9999||||xx |||||||||||||| ||und|| aIT-MiSPEcIT-MiSPE aFRANCESE aBlaise Pascal  0aLes ProvincialesbI. Écrits des curés de Paris (B.P.); Lettres (P.N., J.R.); Réponse aux Provinciales (p. D.) a1a ed. (v) aParisbA. Colinc1962 a285 p. [2 v.]c18 cm a Bibliothèque de Clunyv 1° aEdizioni San Paolo srl - Piazza Soncino, 5 - 20092 CINISELLO BALSAMO (MI) (non commercial uses only) ® Copyright 2018 aAltri autori: père Daniel, Jean Steinmann (texte établi et présenté) aJean Racine aPierre Nicole